000 00799nam a2200229Ii 4500
003 JO-AjNU
008 230605s9999||||xx |||||||||||||| ||und||
017 _a2003/10/2165
020 _a9957-32-045-9
040 _aJO-AjNU
_bara
_erda
_cJO-AjNU
041 _aara
050 1 4 _aHD58.7.H3738.2009
100 3 _aحريم،حسين,
_eauthor
_929124
245 0 0 _aالسلوك التنظيمي:سلوك الافراد والجماعات في منظمات الاعمال
250 _aط2
264 3 1 _aعمان:دار الحامد للنشر والتوزيع،2009
300 _a397ص
336 _atext
_btxt
_2rdacontent
337 _aunmediated
_bn
_2rdamedia
338 _avolume
_bnc
_2rdacarrier
650 4 _aادارة الاعمال-السلوك التنظيمي-المنظمات
_929125
999 _aA11382
_c14950
_d14950